000 01919nam a2200505Ii 4500
001 DIGAKAL0297
003 NyNyDIG
008 160419t20122011sp ob 000 0 spa d
006 m o d
007 cr |||||||||||
035 _a(OCoLC)947084063
040 _aDGITA
_beng
_erda
_epn
_cDGITA
020 _a9788446036104
_q(eBook ;
_qePub)
020 _a844603610X
_q(eBook ;
_qePub)
020 _z9788446028307
020 _z8446028301
041 1 _aspa
_hger
050 1 4 _aJZ5538 ebook
082 0 4 _a303.66
_223
100 1 _aKant, Immanuel,
_d1724-1804,
_eauthor.
240 1 0 _aZum ewigen Frieden.
_lSpanish
245 1 0 _aSobre la paz perpetua /
_cImmanuel Kant ; introducción y traducción, Kimana Zulueta Fülscher.
264 1 _aTres Cantos, Madrid, España :
_bEdiciones Akal, S.A.,
_c[2012]
264 4 _c©2011
300 _a1 online resource.
336 _atext
_btxt
_2rdacontent
337 _acomputer
_bc
_2rdamedia
338 _aonline resource
_bcr
_2rdacarrier
490 1 _aAkal Básica de bolsillo ;
_v253
504 _aIncludes bibliographical references.
588 0 _aOnline resource; title from ePub title page (Digitalia, viewed April 22, 2016)
650 0 _aPeace.
650 0 _aPolitical science
_xPhilosophy.
650 0 _aInternational organization.
655 0 _aElectronic books.
700 1 _aZulueta-Fülscher, Kimana,
_etranslator.
700 1 _iTranslation of:
_aKant, Immanuel,
_d1724-1804.
_tZum ewigen Frieden.
791 2 _aDigitalia (Firm),
_edistributor.
793 0 _gDigitalia eBook Collection:
_aAkal
776 0 8 _iPrint version:
_aKant, Immanuel, 1724-1804.
_sZum ewigen Frieden. Spanish.
_tSobre la paz perpetua.
_dMadrid : Akal, [2012]
_z9788446028307
_w(OCoLC)828683040
830 0 _aAkal bolsillo ;
_v253.
856 4 0 _3Digitalia Hispánica
_uhttps://www.digitaliapublishing.com/a/27897/
910 _aPremium Collection: 2016
942 _cRAA
999 _c238957
_d238957